000 00494nam a22002177a 4500
003 UA-OsUOA
001 36116
007 ta
008 20060118b un ||||| |||| 00| 0 ukr d
100 _aКрапивенко Д.
090 _a32
_bК11
942 _cSA
040 _aUA-OsUOA
_bukr
_cUA-OsUOA
_dUA-OsUOA
245 _aГаз має сидіти в трубі
300 _aС.5
955 _a0
041 _aukr
080 _a32
773 0 _w36115
650 7 _a32 Політика
_2UDC
999 _c322373
_d322373